| 000 | 00616nam a2200205 u 4500 | ||
|---|---|---|---|
| 005 | 20210223130346.0 | ||
| 008 | 071205s2005 mx r 000 0 spa d | ||
| 020 | _a9700757463 | ||
| 035 | _aUPN01000153812 | ||
| 049 | _aC | ||
| 050 | 4 |
_aKGF2577.2 _bP3.2 2005 |
|
| 100 | 1 |
_aPallares Portillo, Eduardo, _d1888-1972 _941047 |
|
| 245 | 1 | 0 |
_aDiccionario de derecho procesal civil / _cEduardo Pallares. |
| 250 | _a28a ed. | ||
| 260 |
_aMĂ©xico : _bPorrĂșa, _c2005. |
||
| 300 | _a847 p. | ||
| 650 | 4 |
_aPROCEDIMIENTOS CIVILES - _zMEXICO - _vDICCIONARIOS |
|
| 650 | 4 |
_aDERECHO PROCESAL - _zMEXICO _911735 |
|
| 905 | _aLibro | ||
| 999 |
_c125933 _d125933 |
||